000 00608cam a2200181 a 4500
020 _a0812235657 (alk. paper)
020 _a0812217438 (pbk. : alk. paper)
082 0 0 _a915.40452
100 1 _aAlter, Stephen.
245 1 0 _aAmritsar to Lahore :
_bcross the border between India and Pakistan
_cStephen Alter.
260 _aIndia
_bPenguin Books
_c2000
300 _a240 p. :
_c17 cm.
504 _aIncludes bibliographical references (p. [203]-204) and index.
942 _2ddc
_cBK
999 _c586244
_d586244